000 00672cam a22001815a 4500
001 L156083
008 120430s1844 xxk f 000 0 eng d
035 _a(Sirsi) u156083
041 0 _aeng
100 1 _aCooke, Layton
245 0 4 _aThe value of landed property demonstrated by practical deductions and illustrations, tending especially to facilitate the valuation of estates as applicable to the purposes of agriculture
260 _aLondon
_bThe author
_c1844
300 _avi, 104 p., [20] leaves of plates
_bill.
_c25 cm.
583 _aCondition reviewed
_c20120620
_lcondition level 4
651 4 _aGreat Britain
_y1707-
690 _aValuation
_96273
942 _n0
999 _c114019
_d114019